| 000 | 00351nam a2200145Ia 4500 | ||
|---|---|---|---|
| 008 | 230801s9999||||xx |||||||||||||| ||und|| | ||
| 020 | _a9790761997183 | ||
| 082 |
_a174.4 _bS463 |
||
| 100 | _aSekhar, R. C | ||
| 245 | 0 | _aEthical choices in business | |
| 250 | _a2nd | ||
| 260 |
_aNew Delhi _bResponse Books _c2002 |
||
| 300 | _a308 p. | ||
| 942 | _cBK | ||
| 999 |
_c26903 _d26903 |
||